| 000 | 00404nam a2200145 a 4500 | ||
|---|---|---|---|
| 001 | 4140 | ||
| 005 | 20140414131941.0 | ||
| 008 | 090218s19uu xx 00 eng d | ||
| 050 |
_aTR 170 _bH81 2004 |
||
| 245 |
_aHound bee! : _ba mix- and -match imagination book. |
||
| 440 | _aTime-Life early learning program. | ||
| 650 | _aLiterary recreations. | ||
| 650 | _aToy and movable books. | ||
| 999 |
_c112604 _d112604 |
||